Pays les mieux classés au JO de Beijing 2022 - Statistiques

Statistiques générales
  • Ce quiz a été pris 50 fois
  • Le résultat moyen est 3 sur 15
Statistiques - réponses
Hint Réponse % Correct
4- États-Unis
43%
1- Norvège
43%
2- Allemagne
23%
9- R.O.C (Russie)
23%
11- Canada
20%
3- Chine
20%
10- France
13%
13- Italie
13%
15- Slovénie
13%
14- Corée du sud
10%
6- Pays-Bas
10%
12- Japon
7%
5- Suède
7%
7- Autriche
3%
8- Suisse
0%
Aucun quiz correspondant
Distribution des résultats
% des personnes avec chaque résultat
Percentile par nombre de réponses
Votre historique - résultats
Vous n’avez pas pris ce quiz